Wszystkie Miasta W Województwie Zachodnio-Pomorskim - Statystyki

Ogólne statystyki
  • Ten quiz został rozwiązany 21 razy
  • Średni wynik to 33 z 66
Statystyki odpowiedzi
Populacja Miasto % Poprawnych
43 364 Kołobrzeg
100%
105 143 Koszalin
100%
387 700 Szczecin
100%
38 728 Świnoujście
94%
66 272 Stargard
88%
21 370 Goleniów
82%
30 549 Police
82%
37 421 Szczecinek
82%
11 194 Drawsko Pomorskie
76%
9486 Łobez
76%
23 422 Wałcz
76%
12 878 Barlinek
71%
15 293 Gryfice
71%
4842 Międzyzdroje
71%
2282 Dziwnów
65%
19 646 Gryfino
65%
8213 Kamień Pomorski
65%
15 564 Nowogard
65%
11 725 Sławno
65%
4617 Wolin
65%
12 466 Darłowo
59%
2754 Mielno
59%
22 300 Białogard
53%
1444 Cedynia
53%
13 822 Choszczno
53%
6624 Czaplinek
53%
10 328 Myślibórz
53%
11 766 Pyrzyce
53%
14 470 Świdwin
53%
9274 Trzebiatów
53%
12 800 Dębno
47%
1752 Ińsko
47%
2611 Węgorzyno
47%
3010 Mirosławiec
41%
1050 Nowe Warpno
41%
3691 Płoty
41%
2640 Recz
41%
6663 Sianów
41%
2130 Biały Bór
35%
4822 Borne Sulinowo
35%
2005 Dobra
35%
2150 Drawno
35%
2741 Gościno
35%
4032 Kalisz Pomorski
35%
5463 Karlino
35%
3766 Lipiany
35%
3313 Maszewo
35%
3338 Mieszkowice
35%
1618 Moryń
35%
2510 Stepnica
35%
1395 Suchań
35%
2116 Trzcińsko-Zdrój
35%
3680 Bobolice
29%
7311 Chojna
29%
2501 Golczewo
29%
2819 Polanów
29%
7193 Połczyn-Zdrój
29%
3853 Resko
29%
3425 Barwice
24%
2974 Chociwel
24%
2138 Człopa
24%
2383 Pełczyce
24%
2143 Dobrzany
18%
1765 Tuczno
18%
2326 Tychowo
12%
11 984 Złociniec
6%
Nie znaleziono quizów pasujących do podanych kryteriów
Rozkład punktacji
Procent ludzi z każdym wynikiem
Percentyl według liczby udzielonych odpowiedzi
Twoja historia wyników
Nie rozwiązałeś tego quizu